KOHA-Header-6

Cutting edge : (Record no. 13446)

000 -LEADER
fixed length control field 00582cam a2200181 a 4500
020 ## - INTERNATIONAL STANDARD BOOK NUMBER
ISBN 0195799186
020 ## - INTERNATIONAL STANDARD BOOK NUMBER
ISBN 9780195799187
082 ## - DEWEY DECIMAL CLASSIFICATION NUMBER
Classification number 796.3580
100 1# - MAIN ENTRY--AUTHOR NAME
Personal name Miandad, Javed,
245 10 - TITLE STATEMENT
Title Cutting edge :
Remainder of title my autobiography /
Statement of responsibility, etc Javed Miandad ; with Saad Shafqat ; foreword by Tony Greig.
260 ## - PUBLICATION, DISTRIBUTION, ETC. (IMPRINT)
Place of publication Karachi :
Name of publisher Oxford University Press,
Year of publication 2003.
300 ## - PHYSICAL DESCRIPTION
Number of Pages x, 344 p. :
Other physical details ill. (some col.) ;
500 ## - GENERAL NOTE
General note Includes index.
650 #0 - SUBJECT ADDED ENTRY--TOPICAL TERM
Topical Term Cricket players
700 1# - ADDED ENTRY--PERSONAL NAME
Personal name Shafqat, Saad.
856 42 - ELECTRONIC LOCATION AND ACCESS
Uniform Resource Identifier http://www.loc.gov/catdir/enhancements/fy0616/2003341409-d.html
942 ## - ADDED ENTRY ELEMENTS (KOHA)
Koha item type Books
Holdings
Withdrawn status Lost status Collection code Permanent Location Current Location Shelving location Date acquired Full call number Accession Number Koha item type
    English Literature MAJU MAJU Shelf No.A13 2022-11-23 796.3580 10531 Books

Powered by Koha